|
|
|
|
| LEADER |
01876cas a2200265 a 4500 |
| 001 |
AALejournalIMF017381 |
| 008 |
230101c9999 xx r poo 0 0eng d |
| 020 |
|
|
|c 5.00 USD
|
| 020 |
|
|
|z 9781475572339
|
| 022 |
|
|
|a 1018-5941
|
| 040 |
|
|
|a BD-DhAAL
|c BD-DhAAL
|
| 100 |
1 |
|
|a Wang, Liang.
|
| 245 |
1 |
0 |
|a Money and Credit :
|b Theory and Applications /
|c Liang Wang, Randall Wright, Lucy Qian Liu.
|
| 264 |
|
1 |
|a Washington, D.C. :
|b International Monetary Fund,
|c 2017.
|
| 300 |
|
|
|a 1 online resource (54 pages)
|
| 490 |
1 |
|
|a IMF Working Papers
|
| 500 |
|
|
|a <strong>Off-Campus Access:</strong> No User ID or Password Required
|
| 500 |
|
|
|a <strong>On-Campus Access:</strong> No User ID or Password Required
|
| 506 |
|
|
|a Electronic access restricted to authorized BRAC University faculty, staff and students
|
| 520 |
3 |
|
|a We develop a theory of money and credit as competing payment instruments, then put it to work in applications. Buyers can use cash or credit, with the former (latter) subject to the inflation tax (transaction costs). Frictions that make the choice of payment method interesting also imply equilibrium price dispersion. We deliver closed-form solutions for money demand. We then show the model can simultaneously account for the price-change facts, cash-credit shares in micro payment data, and money-interest correlations in macro data. We analyze the effects of inflation on welfare, price dispersion and markups. We also describe nonstationary equilibria as self-fulfilling prophecies, which is standard, except here it entails dynamics in the price distribution.
|
| 538 |
|
|
|a Mode of access: Internet
|
| 700 |
1 |
|
|a Liu, Lucy Qian.
|
| 700 |
1 |
|
|a Wright, Randall.
|
| 830 |
|
0 |
|a IMF Working Papers; Working Paper ;
|v No. 2017/014
|
| 856 |
4 |
0 |
|z Full text available on IMF
|u http://elibrary.imf.org/view/journals/001/2017/014/001.2017.issue-014-en.xml
|z IMF e-Library
|